[Event "Bundesliga 1213"]
[Site "Germany"]
[Date "2013.02.24"]
[Round "10"]
[White "Karpov, Anatoly"]
[Black "Alekseev, Evgeny V"]
[Result "1/2-1/2"]
[WhiteElo "2616"]
[BlackElo "2683"]
[PlyCount "126"]
[EventDate "2012.10.20"]
[EventType "team-tourn"]
[EventRounds "15"]
[EventCountry "GER"]
[SourceTitle "CBM 153"]
[Source "ChessBase"]
[SourceDate "2013.03.14"]
[SourceVersion "1"]
[SourceVersionDate "2013.03.14"]
[SourceQuality "1"]
[WhiteTeam "Hockenheim"]
[BlackTeam "Wiesbaden"]
[WhiteTeamCountry "GER"]
[BlackTeamCountry "GER"]

1. d4 {Tsesarsky,Ilya} Nf6 2. c4 e6 3. Nf3 d5 4. e3 Be7 5. Nbd2 O-O 6. b3 ({RR} 6. Be2 c5 ({RR} 6... Nbd7 7. b3 b6 8. Bb2 Bb7 9. Qc2 ({RR} 9. O-O Ne4 10. Rc1 c5 11. Qc2 Bd6 12. Rfd1 Qc7 13. Nf1 Rac8 14. Bd3 h6) 9... Rc8 10. Rc1 c5 11. Qb1) 7. b3 ({RR} 7. O-O Nc6 8. Nb3 cxd4 9. Nbxd4 Nxd4 10. Nxd4 a6 11. b3 Bc5 12. Bb2 dxc4 13. Bxc4 b5 14. Be2 Bb7) 7... b6 8. O-O Bb7 9. Bb2 Nbd7 10. Ne5 cxd4 11. exd4 dxc4 12. Bxc4 Nd5) ({RR} 6. Qc2 b6 7. b3 c5 8. Bb2 Bb7 9. cxd5 Nxd5 10. dxc5 Bxc5 11. e4 Nb4 12. Qb1 Qc8) ({RR} 6. Bd3) 6... c5 ({RR} 6... b6 7. Bb2 Bb7 8. Bd3 Nbd7 9. O-O Ne4 ({RR} 9... c5) 10. Rc1 Bd6 11. cxd5 exd5 12. Ne5 Nxd2 13. Qxd2 Nf6 14. Qe2 Qe7 15. Rc2 c5) 7. Bb2 Nc6 ({RR} 7... cxd4 8. exd4 Nc6 9. Bd3 dxc4 10. bxc4 a6 11. O-O b5 12. cxb5 Nb4 13. Be2 axb5) 8. cxd5 ({RR} 8. Bd3 b6 9. O-O Bb7 10. Rc1 Rc8) ({RR} 8. dxc5 Bxc5 9. a3 a5 10. Bd3 dxc4 11. Nxc4 b5 12. Nce5 Nxe5 13. Nxe5 Bb7 14. Bxb5 Qb6 15. Qe2 Rfb8 16. Bc4 Bd5 17. Nd3 Be7 18. O-O Qc6 19. Bxd5 Qxd5 20. b4 axb4 21. axb4 Rxa1 22. Rxa1 Rd8 {Peng,L (2541)-Jumabayev,R (2556) Tashkent UZB 2026 ½-½ (74)}) 8... Nxd5 ({RR} 8... exd5 9. Be2 b6 10. Ne5 Nxe5 ({RR} 10... Bb7 11. O-O) 11. dxe5 Ne4 12. Nxe4 dxe4 13. Qc2 Bb7 14. Rd1 Qc7 15. Bc4 Rad8 16. O-O Rxd1 ({RR} 16... Qc6) 17. Rxd1 Rd8 18. e6 fxe6 19. Bxe6+ Kf8 20. h3 Rxd1+ 21. Qxd1 Qd6 22. Qg4 g6 23. Bc4 {Karpov,A (2693)-Van Wely,L (2697) Dubai 2002 CBM 089 [Tsesarsky,Ilya] 1-0 (60)}) 9. dxc5 ({RR} 9. Bd3) 9... Bxc5 10. a3 b6 $146 ({RR} 10... Be7 11. Qc2 Bf6 12. Be2 Bd7 13. Ne4 Bxb2 14. Qxb2 Qb6 15. O-O Rfd8 16. Rac1 Be8 17. Rc2 Rac8 18. Rfc1 Nce7 19. Nc5 a5 20. g3 h6 21. Ne5 Qa7 22. Bh5 b6 23. Ne4 Rxc2 24. Rxc2 b5 25. Rd2 {Karpov,A (2628)-Fressinet,L (2702) Cap d'Agde 2015 ½-½ (61)}) 11. b4 Be7 12. Rc1 Bb7 13. Bc4 Bf6 14. Qb3 Bxb2 15. Qxb2 Nf6 16. O-O Qe7 17. Rc2 Rac8 18. Rfc1 Nb8 19. Be2 Rfd8 20. Rxc8 Rxc8 21. Rxc8+ Bxc8 22. Qe5 Nc6 23. Qc3 Bb7 24. Bb5 Nd5 25. Qc2 Nb8 26. Qb2 Qc7 27. Bc4 Nd7 28. h3 a6 29. Bd3 b5 30. Qc2 Qxc2 31. Bxc2 Nc3 32. Nd4 Kf8 33. f3 Ke7 34. e4 g5 35. Kf2 h5 36. Ke3 h4 37. Kd3 Na4 38. Bxa4 Ne5+ 39. Ke3 bxa4 40. f4 gxf4+ 41. Kxf4 Nd3+ 42. Kg5 Nf2 43. e5 Bxg2 44. Kxh4 Bd5 45. Kg3 Nd3 46. N2f3 Kf8 47. Kg4 Kg7 48. Kg5 Nf2 49. h4 Ne4+ 50. Kf4 Nc3 51. Nd2 Kh6 52. Ke3 Kh5 53. Kd3 Nd1 54. b5 axb5 55. Nxb5 Kxh4 56. Nd6 Kg4 57. Nxf7 Kf4 58. Nc4 Nf2+ 59. Kd4 Ng4 60. Nb6 Bb3 61. Nd7 Ne3 62. Nc5 Nc2+ 63. Kc3 Nxa3 1/2-1/2

[Event "Tilburg"]
[Site "Tilburg"]
[Date "1994.??.??"]
[Round "4"]
[White "Karpov, Anatoly"]
[Black "Shabalov, Alexander"]
[Result "1-0"]
[WhiteElo "2780"]
[BlackElo "2600"]
[PlyCount "89"]
[EventDate "1994.09.??"]
[EventType "k.o."]
[EventRounds "7"]
[EventCountry "NED"]
[SourceTitle "CBM 044"]
[Source "ChessBase"]
[SourceDate "1995.02.01"]
[SourceVersion "1"]
[SourceVersionDate "1995.02.01"]
[SourceQuality "1"]

1. d4 d5 2. c4 c6 3. Nf3 Nf6 4. e3 e6 5. Nbd2 Ne4 6. cxd5 ({RR} 6. Qc2 f5 7. g3 Bd6 8. Bg2 O-O 9. b3 Nd7 10. Bb2 a6 11. O-O Qe7 12. Rad1 b5 13. Ne5 Nxe5 14. dxe5 Bb4 15. Nb1 Ba5 16. f3 Ng5 17. c5 Bc7 18. Bd4 a5 19. Nc3 Nf7 20. f4 g5 {Hoffman,A (2474)-Ynojosa Aponte,F (2393) Chess.com INT 2020 0-1 (42)}) ({RR} 6. Bd3 f5 7. Ne5 Qh4 8. O-O Nd7 9. Ndf3 Qh5 10. c5 g5 11. b4 Bg7 12. Nxd7 Bxd7 13. Ne5 Qxd1 14. Rxd1 b6 15. Nxd7 Kxd7 16. Bb2 bxc5 17. f3 Nd6 18. bxc5 Nb7 19. Rab1 Rhb8 20. e4 fxe4 {Garcia Comas,P (1886)-Om,B (2125) Llinars del Valles ESP 2026 0-1 (35)}) 6... Nxd2 7. Bxd2 exd5 8. Qb3 $146 ({RR} 8. Bd3 Nd7 9. Qc2 Nf6 10. Ne5 Be7 11. O-O O-O 12. f4 h6 13. Rf3 Nd7 14. Raf1 c5 15. dxc5 Nxc5 16. Bc3 b6 17. Bh7+ Kh8 18. b4 Nd7 19. Nc6 Qe8 20. Nxe7 Qxe7 21. Bd3 Bb7 22. Rg3 f6 {Mattick,L (2278)-Hahlbohm,M (2114) Berlin 2006 1-0 (35)}) 8... a5 9. e4 a4 10. Qe3 dxe4 11. Ng5 Be7 12. Qxe4 h6 13. Nf3 Be6 14. Bd3 Nd7 15. O-O Nf6 16. Qe3 O-O 17. Ne5 Re8 18. Bc2 Bf8 19. a3 Qb6 20. Bc3 Bb3 21. Bd3 Rad8 22. Qd2 Rd5 23. Nc4 Qd8 24. Ba5 b6 25. Bc3 c5 26. Ne3 Rd7 27. Nf5 cxd4 28. Bb4 Ne4 29. Qf4 Nc5 30. Bb5 Re4 31. Qf3 Rd5 32. Bxc5 Ree5 33. Nxh6+ gxh6 34. Bxf8 Rxb5 35. Bxh6 Re6 36. Bd2 Rg6 37. Qf4 Bc4 38. Rfe1 Rxb2 39. Rad1 Bb3 40. Bc1 Bxd1 41. Bxb2 Rg4 42. Qf5 Qa8 43. g3 Bf3 44. Rc1 Qe4 45. Qf6 1-0

[Event "Moscow"]
[Site "Moscow"]
[Date "1981.04.??"]
[Round "11"]
[White "Petrosian, Tigran V"]
[Black "Karpov, Anatoly"]
[Result "1/2-1/2"]
[WhiteElo "2585"]
[BlackElo "2690"]
[Annotator "Belov,Igor"]
[PlyCount "72"]
[EventDate "1981.04.08"]
[EventType "tourn"]
[EventRounds "13"]
[EventCountry "URS"]
[EventCategory "15"]
[SourceTitle "MCL"]
[Source "ChessBase"]
[SourceDate "1999.07.01"]
[SourceVersion "1"]
[SourceVersionDate "1999.07.01"]
[SourceQuality "1"]

1. d4 Nf6 2. c4 e6 3. Nf3 d5 4. Bg5 Be7 (4... h6 5. Bxf6 Qxf6 6. Nc3 c6 {-D43/}) (4... Bb4+ 5. Nc3 {-D38/}) 5. e3 h6 (5... O-O 6. Nbd2 Nbd7 7. Bd3 c5 $10) 6. Bh4 O-O 7. cxd5 (7. Nbd2 Nbd7 8. Rc1 c5 9. cxd5 Nxd5 10. Bxe7 Qxe7 11. Bc4 cxd4 $10 {Hort,V-Karpov,An/Linares/1983/}) 7... Nxd5 (7... exd5 8. Nc3 c6 9. Qc2 $14) 8. Bxe7 Qxe7 9. e4 Nf6 (9... Nb6 $5 {Hort/}) 10. Nc3 c5 11. e5 Nd5 12. Rc1 $146 (12. Nxd5 exd5 13. dxc5 Bg4 14. Be2 (14. Qxd5 Nc6 15. Be2 Rfd8 $44) 14... Bxf3 15. Bxf3 Qxc5 16. Qe2 Re8 $10 {Korchnoi,V-Hort,V/Wijk aan Zee/1983/0:1 (39) Inf 35/490/}) ({RR} 12. Nxd5 exd5 13. dxc5 Bg4 14. Be2 Bxf3 15. Bxf3 Qxe5+ 16. Qe2 Re8 17. Qxe5 Rxe5+ 18. Kd2 Na6 19. Rac1 Rc8 20. Kc3 Rf5 21. b4 Rf4 22. a3 b6 23. c6 Rxc6+ 24. Kb3 Rfc4 25. Rxc4 dxc4+ 26. Kc3 Rd6 {Kortschnoj,V (2600)-Hort,V (2585) Wijk aan Zee 1983 0-1 (39)}) 12... Rd8 (12... Nxc3 13. Rxc3 (13. bxc3 Rd8 14. Bd3 Nc6 15. O-O Qd7) 13... cxd4 14. Nxd4 Rd8 15. Qc2 Nd7 16. Nf3 $14) 13. Nxd5 Rxd5 14. Bd3 $5 (14. Qc2 Nc6 15. dxc5 Nxe5 $10) 14... Nc6 (14... Na6 $5 $10) 15. Be4 Rd8 16. Bxc6 bxc6 17. Rxc5 Ba6 $44 18. Qc2 (18. Rxc6 Qb4+ 19. Qd2 Qa4 $17) 18... Rab8 19. b3 Rb5 20. Rxb5 $6 (20. Rxc6 Bb7 21. Rc7 Qb4+ (21... Rd7 22. Rxd7 Qxd7 23. Qc3 Bxf3 24. Qxf3 Qxd4 25. O-O Rxe5 26. Rd1 Qb6 $10) 22. Qc3 (22. Ke2 $5 Bxf3+ 23. Kxf3 Qxd4 24. Re1 Rxe5 25. Rxe5 Qxe5 26. Rc8 $10) 22... Bxf3 23. Qxb4 Rxb4 24. gxf3 Rbxd4 25. O-O $14) 20... Bxb5 21. Kd2 $5 (21. Qc5 Qxc5 22. dxc5 a5 $1 $17 { d5/}) 21... c5 $1 22. Ke3 Rd5 23. Rd1 g5 $1 24. h3 Qc7 (24... f5 $5 25. exf6 Qxf6 26. Qe4 Bc6 $15) 25. Qb2 a5 26. a3 cxd4+ $6 (26... f5 $142 $1 27. b4 cxb4 $1 28. Rc1 (28. axb4 Qc4 $17) 28... Qb7 29. axb4 Rd8 $17) 27. Rxd4 Rc5 28. Kd2 {× c2/} Bf1 29. b4 axb4 30. axb4 Rb5 31. Rg4 $1 $14 Rd5+ 32. Ke1 Bd3 33. h4 Bf5 34. Rd4 Rxd4 35. Qxd4 Qc2 36. hxg5 Bd3 (36... Bd3 37. Qe3 Qb1+ 38. Kd2 Qc2+ $10) 1/2-1/2

[Event "Bykova Memorial 4th"]
[Site "Vladimir"]
[Date "2006.12.15"]
[Round "2"]
[White "Redko, Stepan"]
[Black "Karpov, Alexander"]
[Result "1-0"]
[WhiteElo "2228"]
[BlackElo "2337"]
[PlyCount "95"]
[EventDate "2006.12.14"]
[EventType "tourn"]
[EventRounds "14"]
[EventCountry "RUS"]
[EventCategory "1"]
[SourceTitle "EXT 2019"]
[Source "ChessBase"]
[SourceDate "2018.10.10"]
[SourceVersion "1"]
[SourceVersionDate "2018.10.10"]
[SourceQuality "1"]

1. d4 d5 2. c4 e6 3. Nc3 c6 4. cxd5 exd5 5. Bf4 Qb6 6. Qd2 Nf6 7. e3 Bf5 8. Nge2 Nbd7 ({RR} 8... Bb4 9. Ng3 Bg6 10. Bd3 Nbd7 11. O-O O-O 12. Rab1 Rfe8 13. a3 Bf8 14. Rfc1 Qd8 15. Na4 Rc8 16. b4 b5 17. Nc5 Nb6 18. Bxg6 hxg6 19. Qd3 Nc4 20. a4 Bxc5 21. bxc5 bxa4 22. Nf1 Nh5 23. Nd2 {Xu,P (2077)-Prraneeth,V (2502) Hong Kong HKG 2026 0-1 (44)}) 9. Ng3 Bg6 10. h4 $146 ({RR} 10. Bd3 c5 11. O-O c4 12. Bxg6 hxg6 13. b3 Bb4 14. Rfc1 Qa5 15. a3 Bxc3 16. Qxc3 Qxc3 17. Rxc3 b5 18. Rb1 Nb6 19. bxc4 bxc4 20. a4 Ke7 21. a5 Nbd7 22. f3 Rhc8 23. Rc2 Nb8 24. Ne2 Nc6 {Velikov,P (2450)-Kupreichik,V (2470) Frunze 1985 ½-½ (42)}) ({RR} 10. Be2 Be7 11. h4 h6 12. h5 Bh7 13. f3 O-O 14. O-O c5 15. Bd3 Bxd3 16. Qxd3 cxd4 17. exd4 Qxb2 18. Rab1 Qa3 19. Rb3 Qa6 20. Qxa6 bxa6 21. Nf5 Bd8 22. Rb7 Re8 23. g4 Re6 24. Rfb1 Rc6 {Doroshkievich,V (2410)-Burmakin,V (2530) St Petersburg 1994 0-1 (41)}) 10... h5 11. Bd3 Bxd3 12. Qxd3 Qxb2 13. Rb1 Qa3 14. O-O Nb6 15. Rb3 Qe7 16. Rfb1 g6 17. a4 Bg7 18. a5 Nbd7 19. Rxb7 O-O 20. Na4 c5 21. dxc5 Nxc5 22. Qa3 Qxb7 23. Rxb7 Nxb7 24. Be5 Nd8 25. Nc5 Nc6 26. Bxf6 Bxf6 27. Nd7 Be7 28. Qc3 Rfc8 29. Ne2 d4 30. exd4 Ne5 31. Qe3 Nxd7 32. Qxe7 Re8 33. Qxd7 Rxe2 34. d5 Ree8 35. a6 Rad8 36. Qxa7 Rxd5 37. Qb6 Re1+ 38. Kh2 Ra1 39. Qb8+ Kh7 40. Qb7 Rda5 41. Qxf7+ Kh8 42. Qxg6 R1a4 43. g3 Rxa6 44. Qxh5+ Kg7 45. Kg2 Ra2 46. Qg5+ Kh7 47. Qf5+ Kg7 48. g4 1-0

[Event "World-ch29 Karpov-Kortschnoj +6-2=10"]
[Site "Merano"]
[Date "1981.11.05"]
[Round "13"]
[White "Kortschnoj, Viktor Lvovich"]
[Black "Karpov, Anatoly"]
[Result "1-0"]
[WhiteElo "2650"]
[BlackElo "2690"]
[Annotator "Unzicker,Wolfgang"]
[PlyCount "82"]
[EventDate "1981.10.01"]
[EventType "match"]
[EventRounds "18"]
[EventCountry "ITA"]
[SourceTitle "MainBase"]
[Source "ChessBase"]
[SourceDate "1999.07.01"]
[SourceVersion "2"]
[SourceVersionDate "1999.07.01"]
[SourceQuality "1"]

1. c4 e6 2. Nc3 d5 3. d4 Be7 4. cxd5 exd5 5. Bf4 c6 6. e3 Bf5 (6... Nf6 {Ist auch möglich, auch wenn Schwarz jetzt nicht das gute Entwicklungsfeld f5 für seinen Damenläufer hat.} 7. Qc2 (7. Bd3)) 7. g4 {Weiß vertreibt zwar nun den Läufer, doch muß er seinen g-Bauern sichern, was ein Tempo kostet; Botwinnik-Petrosian, Moskau 1963.} Be6 8. h3 Nf6 9. Nf3 O-O 10. Bd3 c5 11. Kf1 {Mit diesem und dem folgenden Zug vollzieht Weiß eine künstliche Rochade. Im Falle von 11.0-0 h5 12.g5 müßte Weiß nach Wegzug des Königsspringers seinen h-Bauern sichern. Was nun nicht nötig ist.} Nc6 12. Kg2 Rc8 {Bis zu diesem Zug verlief die Partie identisch mit der 14.Partie der WM 1963 Botvinnik-Petrosian. Petrosian zog 12...cd4:. Riskant wäre 12...c4 gewesen.} 13. Rc1 Re8 {In Betracht kam auch 13...a6.} 14. dxc5 $146 ({RR} 14. Bb1 cxd4 15. Nxd4 Nxd4 16. exd4 Nd7 17. Re1 Nf8 18. Qb3 Qd7 19. Nb5 Rc4 20. a3 b6 21. Rcd1 Ng6 22. Bxg6 hxg6 23. Rd3 a6 24. Nc3 b5 25. Nd1 Rec8 26. Ne3 Bf6 27. Qd1 R4c6 28. Qe2 Rb6 {Brglez,R (2235)-Miranovic,R (2380) Pula 1990 ½-½ (63)}) ({RR} 14. Nb5 a6 15. Nc3 c4 16. Bb1 b5 17. Ne5 Nxe5 18. dxe5 Nd7 19. Nxd5 Bf8 20. Nc3 Rc5 21. Qc2 g6 22. Rcd1 Qa8+ 23. Kg3 Bg7 24. Ne4 Rd5 25. Ng5 Nxe5 26. Nxe6 Rxd1 27. Qxd1 Rxe6 28. Bxe5 Bxe5+ {Gisbert Mir,A (1984)-Lopez Agustench,E (2317) Barcelona 2014 0-1}) 14... Bxc5 15. Nb5 Bf8 16. Nfd4 Nxd4 {Nach diesem offenbar nicht genau durchdachtem Zug gerät Karpov in eine unbequeme Lage. Es hätte 16...Db6 geschehen sollen.} (16... Qb6 17. Nxe6 Rxe6 (17... fxe6 18. g5 Ne4) 18. g5 Ne4) 17. Rxc8 Qxc8 {Auch nach 17...Lc8: 18.ed4: hätte Schwarz gewisse Schwierigkeiten, z.B.:s.Var.} (17... Bxc8 18. exd4 a6 19. Nc7 Re7 20. Qc2) 18. exd4 Qd7 (18... Re7 19. Nxa7 Qa8 20. Qa4 b5 $1) 19. Nc7 Rc8 (19... Rd8 20. Qb3) 20. Nxe6 fxe6 {Da 20...De6: an 21.Lf5 scheitert, muß Schwarz die Verschlechterung der Bauern- stellung in Kauf nehmen.} 21. Re1 a6 {Mit dem Textzug wollte sich Schwarz vielleicht den Deckungszug Tc8-c6 vorbe-  halten und deshalb das Feld b5 vorsorglich sichern.} (21... Bd6 22. Be5) 22. g5 Ne4 23. Qg4 (23. Bxe4 dxe4 24. Rxe4 Qd5 {Wäre nicht so gut.}) 23... Bb4 {Der mit diesem Zug eingeleitete Gegenangriff auf der f-Linie mißlingt und führt zum Verlust der Partie. Nur mit 23...Tc8-e8 hätte es noch Verteidigungs- chancen gegeben.} 24. Re2 Rf8 (24... Re8 25. f3 Nd6 26. Qh5 g6 27. Bxg6 hxg6 28. Qxg6+ Qg7 (28... Kf8 29. Qh6+ Ke7 (29... Kg8 30. Be5 {Weiß gewinnt.}) 30. Qf6#) 29. Qxg7+ Kxg7 30. a3 $1 {Mit Rückgewinn der Figur.}) 25. f3 Qf7 (25... Nd6 26. a3 Ba5 27. Bxd6 Qxd6 28. Qh5 $1 g6 29. Bxg6 hxg6 30. Qxg6+ Kh8 31. Qh6+ Kg8 32. Rxe6 {Nun gewinnt auf einen Damenzug sofort 33.Tg6+ und 34.Tg7+.} Qd7 33. Rg6+ Kf7 34. Rg7+ Ke8 35. Rxd7 Kxd7 36. Qxf8) 26. Be5 Nd2 27. a3 Nxf3 28. g6 {Noch einfacher als der Textzug wäre sofort 28.Lg3. Falsch wäre 28.ab4:} (28. axb4 Ne1+ 29. Rxe1 Qf2+ 30. Kh1 Qxe1+ 31. Qg1 Qd2 {Mit Gegenchancen für Schwarz.} (31... Qxg1+ 32. Kxg1 Rf3 {Mit Gegenchancen für Schwarz.})) 28... hxg6 29. Bg3 {Schlecht wäre 29.Lg6: wegen 29...Sh4+ oder auch 29...Dg6:, gefolgt von 30... Sh4+.} Be7 (29... Ne1+ {Jetzt folgt nicht 30.Le1: wegen 30...Df1+ nebst 31...Le1:, sondern:} 30. Rxe1 Bxe1 31. Bxe1 {Weiß muß nun wohl mit den beiden Läufern gegen den Turm gewinnen.}) 30. Rf2 {Nicht gut wäre wieder 30.Lg6: wegen 30...Sh4+!} (30. Bxg6 Nh4+ 31. Bxh4 Qf1+ 32. Kh2 Bxh4 {Jetzt kann Weiß Materialverlust nicht vermeiden.}) 30... Ne1+ 31. Kh1 Qxf2 32. Bxf2 Nxd3 33. Qxe6+ Rf7 {Etwas längeren Widerstand leistet 33...Kh7.} 34. Bg3 Nxb2 35. Qxd5 Bf6 36. Bd6 g5 37. Qb3 (37. Qe4 {Zum Beispiel:} g6 {Sonst folgt 38.De8+.} 38. Qxg6+ Bg7 39. Be5 {Schwarz hat kaum mehr einen Zug, z.B.:} Nc4 (39... Nd1 40. Bxg7 Rxg7 41. Qe8+ Kh7 42. Qh5+) 40. Bxg7 Rxg7 41. Qe6+) 37... Bxd4 38. Qe6 g6 39. Qe8+ Kg7 40. Be5+ Bxe5 41. Qxe5+ Kh7 1-0

[Event "Tomsk-ch"]
[Site "Tomsk"]
[Date "2006.??.??"]
[Round "?"]
[White "Dmitrienko, Andrey"]
[Black "Karpov, Alexander"]
[Result "1/2-1/2"]
[WhiteElo "2295"]
[BlackElo "2350"]
[PlyCount "34"]
[EventDate "2006.06.??"]
[EventType "tourn"]
[EventRounds "9"]
[EventCountry "RUS"]
[EventCategory "3"]
[SourceTitle "EXT 2008"]
[Source "ChessBase"]
[SourceDate "2007.11.25"]
[SourceVersion "1"]
[SourceVersionDate "2007.11.25"]
[SourceQuality "1"]

1. d4 d5 2. c4 e6 3. Nc3 c6 4. cxd5 exd5 5. Qc2 g6 6. Bf4 Nf6 7. e3 Bf5 8. Bd3 Bxd3 9. Qxd3 Bd6 10. Nge2 Bxf4 11. Nxf4 Nbd7 12. h4 $146 ({RR} 12. O-O O-O 13. f3 Qb6 14. a3 Rad8 15. Qd2 Rfe8 16. Nd3 Qc7 17. Na4 Nh5 18. Nac5 Nb6 19. b3 Nc8 20. Rac1 Nd6 21. g4 Ng7 22. Nf4 f5 23. g5 Qe7 24. Ng2 Qxg5 25. Qb4 Rxe3 26. Qd2 f4 {Bogomolnikova,Z (1614)-Mataczyna,A (1720) Prague CZE 2024 0-1 (75)}) ({RR} 12. O-O O-O 13. f3 Qb6 14. a3 Rad8 15. Qd2 Rfe8 16. Nd3 Qc7 17. Na4 Nh5 18. Nac5 Nb6 19. b3 Nc8 20. Rac1 Nd6 21. g4 Ng7 22. Nf4 f5 23. g5 Qe7 24. Ng2 Qxg5 25. Qb4 Rxe3 26. Qd2 f4 {Bogomolnikova,Z (1614)-Mataczyna,A (1720) Prague CZE 2024 0-1 (75)}) 12... Qe7 13. h5 O-O-O 14. O-O-O g5 15. Nfe2 Ne4 16. Nxe4 dxe4 17. Qc2 Nf6 1/2-1/2

[Event "Vienna Lugner City sim"]
[Site "Vienna"]
[Date "2005.04.16"]
[Round "?"]
[White "Karpov, Anatoly"]
[Black "Radonich, Lukas"]
[Result "1-0"]
[WhiteElo "2674"]
[BlackElo "1622"]
[PlyCount "103"]
[EventDate "2005.04.16"]
[EventType "simul"]
[EventRounds "1"]
[EventCountry "AUT"]
[SourceTitle "EXT 2007"]
[Source "ChessBase"]
[SourceDate "2006.11.23"]
[SourceVersion "1"]
[SourceVersionDate "2006.11.23"]
[SourceQuality "1"]

1. d4 d5 2. c4 c6 3. Nc3 e6 4. e3 Bb4 ({RR} 4... Be7 5. Bd3 f5 6. Nge2 Nf6 7. Qc2 O-O 8. O-O b6 9. f3 c5 10. dxc5 Bxc5 11. Rd1 Nc6 12. a3 Qe7 13. b4 dxc4 14. Bxc4 Ne5 15. Bb3 Bd6 16. Nb5 Bb8 17. Nbd4 Nf7 18. Bb2 Qe8 19. Ba4 {Miljkovic,M (2405)-Lupulescu,C (2574) Predeal 2007 1-0 (83)}) ({RR} 4... Be7 5. Bd3 f5 6. Nge2 Nf6 7. Qc2 O-O 8. O-O b6 9. f3 c5 10. dxc5 Bxc5 11. Rd1 Nc6 12. a3 Qe7 13. b4 dxc4 14. Bxc4 Ne5 15. Bb3 Bd6 16. Nb5 Bb8 17. Nbd4 Nf7 18. Bb2 Qe8 19. Ba4) 5. Qb3 ({RR} 5. Bd2 Nf6 6. cxd5 ({RR} 6. Be2 Nbd7 7. Nf3 O-O 8. O-O Ng4 9. a3 Bxc3 10. Bxc3 f5 11. h3 Nh6 12. b4 Nf6 13. c5 Ne4 14. Bb2 Qf6 15. Ne5 f4 16. Bf3 Ng3 17. fxg3 fxg3 18. Bxd5 Qh4 19. Bf3 Nf5 20. Qd2 Nh6) ({RR} 6. a3 Bxc3 7. Bxc3 Ne4 8. Bb4 Qb6 9. Qg4 a5 10. Qxg7 axb4 11. Qxh8+ Kd7 12. Qf8 bxa3 13. Qxf7+ Kd8 14. Qf8+ Kc7 15. Qf4+ Kd8 16. Qh4+ Ke8 17. bxa3 Qb2 18. Rd1 Rxa3 19. Be2 Qc3+ 20. Kf1 Ra1) ({RR} 6. Rc1 O-O 7. Nf3 Nbd7 8. cxd5 Nxd5 9. Nxd5 Bxd2+ 10. Qxd2 cxd5 11. Bd3 Nf6 12. Bb1 Ne4 13. Qd3 b6 14. Ne5 Bb7 15. f3 Nf6 16. g4 g6 17. h4 Nd7 18. Nxd7 Qxd7 19. h5 f5 20. g5 Rf7) 6... exd5 7. a3 Bxc3 8. bxc3 Ne4 9. Nf3 O-O 10. Bd3 Nxd2 11. Qxd2 Re8 12. h3 f5 13. Qc2 Qf6 14. O-O Be6 15. Rab1 b6 16. Ne5 c5 17. Bb5 Re7 18. Qe2 Bd7 19. Nxd7 Nxd7 {Samphaothong,S-Uapongkitikul,P Ingtarn Resort, Nakhon Nayok 2024 1-0}) ({RR} 5. Bd3 Nf6 6. Nge2 Nbd7 7. O-O O-O 8. a3 Ba5 9. b4 Bc7 10. c5 Re8 11. Bc2 e5 12. e4 a6 13. exd5 cxd5 14. dxe5 Rxe5 15. Bf4 Rh5 16. Bxc7 Qxc7 17. f4 Nf8 18. Ng3 Rh6 19. Nxd5 Nxd5) 5... Bd6 $146 ({RR} 5... Bxc3+ 6. bxc3 Nf6 7. Ba3 Nbd7 8. Bd3 b6 9. Bd6 Nf8 10. Qa3 Ng6 11. Nf3 Ne4 12. Bxe4 dxe4 13. Nd2 f5 14. O-O Ne7 15. f3 exf3 16. Nxf3 Ng6 17. Rae1 Kf7 18. e4 Re8 19. d5 c5 20. dxe6+ {Scekic,V (2115)-Corovic,S Podgorica 2008 1-0 (41)}) 6. e4 dxe4 7. Nxe4 Be7 8. Nf3 Nf6 9. Nxf6+ Bxf6 10. Be3 Nd7 11. O-O-O a6 12. g4 b5 13. c5 g6 14. h4 Qc7 15. h5 Nf8 16. g5 Be7 17. Bg2 Bd7 18. Ne5 gxh5 19. Rxh5 Ng6 20. f4 Nxe5 21. fxe5 O-O-O 22. Be4 Rdg8 23. Rdh1 Qd8 24. Rg1 Rg7 25. Qd3 Qg8 26. Qf1 Qd8 27. Qh3 Qg8 28. Kc2 Kc7 29. Qh4 Bd8 30. Rh6 Be7 31. Bd2 Kb7 32. Rg2 Be8 33. a4 b4 34. a5 Bd8 35. Qg3 Bd7 36. Qb3 Bxa5 37. Bxb4 Bxb4 38. Qxb4+ Ka7 39. Qa4 Qa8 40. Rgh2 Qb7 41. Rxh7 Rgxh7 42. Rxh7 Rxh7 43. Bxh7 Qb5 44. Qxb5 axb5 45. Bg8 Be8 46. Kd3 Kb7 47. Ke4 Kc7 48. Kf4 Kd7 49. Kg4 Kc7 50. g6 fxg6 51. Kg5 Kd7 52. Kf6 1-0

[Event "Tomsk-ch"]
[Site "Tomsk"]
[Date "2006.??.??"]
[Round "?"]
[White "Arishin, Sergei"]
[Black "Karpov, Alexander"]
[Result "1-0"]
[WhiteElo "2200"]
[BlackElo "2350"]
[PlyCount "41"]
[EventDate "2006.06.??"]
[EventType "tourn"]
[EventRounds "9"]
[EventCountry "RUS"]
[EventCategory "3"]
[SourceTitle "EXT 2008"]
[Source "ChessBase"]
[SourceDate "2007.11.25"]
[SourceVersion "1"]
[SourceVersionDate "2007.11.25"]
[SourceQuality "1"]

1. d4 d5 2. c4 e6 3. Nc3 c6 4. e4 dxe4 5. Nxe4 Bb4+ 6. Bd2 Qxd4 7. Bxb4 Qxe4+ 8. Be2 Ne7 9. Nf3 Nd5 10. Ba5 b6 11. cxd5 bxa5 12. dxc6 ({RR} 12. d6 Ba6 13. Rc1 O-O 14. Rc2 Bxe2 15. Rxe2 Qb4+ 16. Rd2 Qe4+ 17. Re2 Qb4+ 18. Rd2 Qe4+ 19. Qe2 Qxe2+ 20. Kxe2 Nd7 21. Rc1 c5 22. Rc3 Rab8 23. Ra3 Rb5 24. b3 Rc8 25. Ra4 f6 26. g4 Kf7 {Suvorov,A (2353)-Karavaeva,O (2260) Chess.com INT 2021 1-0 (62)}) 12... Nxc6 13. O-O O-O 14. Bd3 Qg4 $146 ({RR} 14... Qd5 15. Qe2 Bb7 16. Rfd1 Qh5 17. Be4 Rab8 18. Rd7 Ba8 19. Bxc6 Bxc6 20. Rxa7 Rb4 21. Nd4 Qxe2 22. Nxe2 Rxb2 23. Nd4 Bd5 24. Rxa5 Rfb8 25. Nb3 g6 26. h3 Bxb3 27. axb3 R8xb3 28. R5a3 h5 29. Rxb3 {Brown,T (2072)-Rutter,N (2215) England 2016 ½-½ (55)}) 15. Rc1 Bb7 16. Rc4 Qh5 17. Rh4 Qc5 18. Bxh7+ Kh8 19. Ne5 g5 20. Be4+ gxh4 21. Qh5+ 1-0